Quiz sur le FC Barcelone (par lettre de A à Z) - Statistiques

Statistiques générales
  • Ce quiz a été pris 378 fois
  • Le résultat moyen est 17 sur 23
Statistiques - réponses
Lettre Indice Réponse % Correct
B Légendaire milieu défensif qui joue aujourd'hui avec Messi, Suarez ou encore Jordi Alba Busquets
93%
E Attaquant africain qui marque 130 buts en 199 matchs avec le Barça Eto'o
92%
N Il arrive du Brésil en 2013 Neymar
92%
X Numéro 6 emblématique du club Xavi
92%
H Meilleur buteur de l'histoire d'Arsenal Henry
91%
S 3ème meilleur buteur de l'histoire du club Suarez
86%
T Prénom du joueur qui se trouve en réponse à la lettre H Thierry
85%
D Il part à l'été 2023 et marque 2 fois contre le club en Champions League l'année d'après Dembélé
84%
C Il signe pour plus de 120 millions d'euros mais ne convaincra jamais Coutinho
83%
L Prénom d'un joueur né en 2007 et déjà titulaire Lamine
83%
U Défenseur qui arrive de la ligue 1 en 2016 Umtiti
79%
G Recruté également pour 120 millions, il repartira pour 3 fois moins sans s'être imposé au club Griezmann
77%
P Il est titulaire aux côtés de Mascherano en finale de Champions league en 2014 Pique
77%
R Acolyte de Iniesta et Busquets au milieu de terrain en finale de Champions League en 2014 Rakitic
72%
I Prénom du joueur de la réponse R Ivan
70%
O Prénom de Romeu Oriol
69%
A Joueur de 2008 à 2016, il s'en va et revient une saison en 2021 Alves
63%
F Prénom d'un joueur qui rejoint le Barça en janvier 2022 pour presque 60 millions d'euros Ferran
59%
M Défenseur formé à Sochaux auteur de 3 saisons à Barcelone Mathieu
54%
V Nombre de championnat d'espagne dans l'histoire du club Vingt sept
53%
Z Défenseur italien qui compte 2 saisons au Barça Zambrotta
47%
J Prénom de 2 joueurs de l'effectif cette saison Joao
45%
K Hollandais 8ème meilleur buteur de l'histoire du club Kluivert
34%
Aucun quiz correspondant
Distribution des résultats
% des personnes avec chaque résultat
Percentile par nombre de réponses
Votre historique - résultats
Vous n’avez pas pris ce quiz